| 000 | 01561cam a2200409 i 4500 | ||
|---|---|---|---|
| 001 | 18252607 | ||
| 003 | JO-AjAnu | ||
| 005 | 20241019095600.0 | ||
| 008 | 140804s2015 nyua 001 0 eng | ||
| 010 | _a 2014030200 | ||
| 020 | _a9781936096862 | ||
| 020 | _a1936096862 | ||
| 040 |
_aDLC _beng _erda _cDLC _dDLC _dJO-AjAnu |
||
| 041 | _aENG | ||
| 042 | _apcc | ||
| 043 | _aa-ja--- | ||
| 050 | 0 | 0 |
_aNC1764.5.J3 _bH36945 2015 |
| 082 | 0 | 0 |
_a741.5/8 _223 |
| 100 | 1 |
_aHart, Christopher, _d1957- _eauthor. |
|
| 245 | 1 | 4 |
_a The Master Guide to Drawing Anime : how to draw original Characters From Simple Templates / _cChristopher Hart. |
| 246 | 3 | 0 | _aDrawing with Christopher Hart : master guide to drawing anime |
| 250 | _aFirst Edition. | ||
| 264 | 1 |
_aNew York : _bSixth&Spring Books, _c[2015] |
|
| 300 |
_a144 pages : _bcolor illustrations ; _c26 cm |
||
| 336 |
_atext _btxt _2rdacontent |
||
| 337 |
_aunmediated _bn _2rdamedia |
||
| 338 |
_avolume _bnc _2rdacarrier |
||
| 500 | _aIncludes index. | ||
| 650 | 0 |
_aComic books, strips, etc. _zJapan _xTechnique. |
|
| 650 | 0 |
_aCartooning _xTechnique. |
|
| 650 | 0 | _aComic strip characters. | |
| 856 | 4 | 2 |
_3Contributor biographical information _uhttp://www.loc.gov/catdir/enhancements/fy1501/2014030200-b.html |
| 856 | 4 | 2 |
_3Publisher description _uhttp://www.loc.gov/catdir/enhancements/fy1501/2014030200-d.html |
| 906 |
_a7 _bcbc _corignew _d1 _eecip _f20 _gy-gencatlg |
||
| 942 |
_2lcc _cBK _n0 |
||
| 999 |
_c33722 _d33722 |
||